Best Picture Nominees 2000-2025 - Statistics

General Stats
  • This quiz has been taken 315 times
    58 since last reset
  • The average score is 94 of 201
Answer Stats
Year Film % Correct
2000 Gladiator
76%
2019 Parasite
76%
2024 Anora
71%
2022 Everything Everywhere All at Once
71%
2016 Moonlight
71%
2007 No Country for Old Men
71%
2025 One Battle After Another
71%
2023 Oppenheimer
71%
2010 The King's Speech
71%
2017 The Shape of Water
71%
2010 The Social Network
71%
2013 12 Years a Slave
67%
2012 Argo
67%
2023 Barbie
67%
2014 Birdman or (The Unexpected Virtue of Ignorance)
67%
2018 Black Panther
67%
2005 Crash
67%
2012 Django Unchained
67%
2009 Inglourious Basterds
67%
2016 La La Land
67%
2004 Million Dollar Baby
67%
2020 Nomadland
67%
2019 Once Upon a Time in Hollywood
67%
2006 The Departed
67%
2009 The Hurt Locker
67%
2001 A Beautiful Mind
62%
2009 Avatar
62%
2021 CODA
62%
2021 Dune
62%
2024 Dune: Part Two
62%
2018 Green Book
62%
2025 Hamnet
62%
2010 Inception
62%
2025 Sinners
62%
2015 Spotlight
62%
2011 The Artist
62%
2001 The Lord of the Rings: The Fellowship of the Ring
62%
2003 The Lord of the Rings: The Return of the King
62%
2002 The Lord of the Rings: The Two Towers
62%
2002 The Pianist
62%
2009 Up
62%
2019 1917
57%
2015 Bridge of Spies
57%
2005 Brokeback Mountain
57%
2002 Chicago
57%
2025 F1
57%
2025 Frankenstein
57%
2013 Gravity
57%
2019 Joker
57%
2023 Killers of the Flower Moon
57%
2025 Marty Supreme
57%
2011 Moneyball
57%
2024 The Brutalist
57%
2023 The Holdovers
57%
2019 The Irishman
57%
2015 The Martian
57%
2015 The Revenant
57%
2007 There Will Be Blood
57%
2013 The Wolf of Wall Street
57%
2017 Three Billboards Outside Ebbing, Missouri
57%
2010 Toy Story 3
57%
2014 Whiplash
57%
2024 A Complete Unknown
52%
2014 Boyhood
52%
2013 Dallas Buyers Club
52%
2017 Dunkirk
52%
2017 Get Out
52%
2012 Lincoln
52%
2019 Marriage Story
52%
2020 Minari
52%
2017 The Post
52%
2014 The Theory of Everything
52%
2025 Train Dreams
52%
2010 True Grit
52%
2014 American Sniper
48%
2016 Arrival
48%
2018 A Star Is Born
48%
2021 Belfast
48%
2010 Black Swan
48%
2025 Bugonia
48%
2000 Crouching Tiger, Hidden Dragon
48%
2021 Don't Look Up
48%
2022 Elvis
48%
2019 Ford v Ferrari
48%
2019 Jojo Rabbit
48%
2012 Les Misérables
48%
2012 Life of Pi
48%
2016 Manchester by the Sea
48%
2020 Mank
48%
2008 Milk
48%
2017 Phantom Thread
48%
2023 Poor Things
48%
2004 Ray
48%
2018 Roma
48%
2025 Sentimental Value
48%
2012 Silver Linings Playbook
48%
2008 Slumdog Millionaire
48%
2004 The Aviator
48%
2015 The Big Short
48%
2009 The Blind Side
48%
2008 The Curious Case of Benjamin Button
48%
2011 The Descendants
48%
2022 The Fabelmans
48%
2018 The Favourite
48%
2006 The Queen
48%
2022 Top Gun: Maverick
48%
2000 Traffic
48%
2018 Vice
48%
2021 West Side Story
48%
2024 Wicked
48%
2013 American Hustle
43%
2018 BlacKkKlansman
43%
2018 Bohemian Rhapsody
43%
2017 Call Me by Your Name
43%
2005 Capote
43%
2013 Captain Phillips
43%
2017 Darkest Hour
43%
2024 Emilia Perez
43%
2000 Erin Brockovich
43%
2016 Fences
43%
2002 Gangs of New York
43%
2015 Mad Max: Fury Road
43%
2023 Maestro
43%
2003 Mystic River
43%
2009 Precious
43%
2015 Room
43%
2010 The Fighter
43%
2014 The Grand Budapest Hotel
43%
2011 The Help
43%
2021 The Power of the Dog
43%
2020 The Trial of the Chicago 7
43%
2010 Winter's Bone
43%
2012 Zero Dark Thirty
43%
2022 All Quiet on the Western Front
38%
2015 Brooklyn
38%
2000 Chocolat
38%
2011 Extremely Loud & Incredibly Close
38%
2005 Good Night, and Good Luck
38%
2016 Hidden Figures
38%
2011 Hugo
38%
2020 Judas and the Black Messiah
38%
2007 Juno
38%
2021 King Richard
38%
2017 Lady Bird
38%
2021 Licorice Pizza
38%
2016 Lion
38%
2019 Little Women
38%
2003 Lost in Translation
38%
2024 Nickel Boys
38%
2004 Sideways
38%
2022 Tár
38%
2022 The Banshees of Inisherin
38%
2014 The Imitation Game
38%
2025 The Secret Agent
38%
2024 The Substance
38%
2022 Triangle of Sadness
38%
2009 Up in the Air
38%
2012 Amour
33%
2022 Avatar: The Way of Water
33%
2006 Babel
33%
2024 Conclave
33%
2021 Drive My Car
33%
2004 Finding Neverland
33%
2008 Frost/Nixon
33%
2013 Her
33%
2006 Letters from Iwo Jima
33%
2006 Little Miss Sunshine
33%
2003 Master and Commander: The Far Side of the World
33%
2005 Munich
33%
2021 Nightmare Alley
33%
2020 Promising Young Woman
33%
2014 Selma
33%
2020 The Father
33%
2002 The Hours
33%
2008 The Reader
33%
2011 The Tree of Life
33%
2011 War Horse
33%
2010 127 Hours
29%
2023 Anatomy of a Fall
29%
2009 An Education
29%
2012 Beasts of the Southern Wild
29%
2016 Hell or High Water
29%
2001 In the Bedroom
29%
2007 Michael Clayton
29%
2011 Midnight in Paris
29%
2001 Moulin Rouge!
29%
2013 Philomena
29%
2010 The Kids Are All Right
29%
2023 The Zone of Interest
29%
2023 American Fiction
24%
2009 A Serious Man
24%
2007 Atonement
24%
2009 District 9
24%
2016 Hacksaw Ridge
24%
2024 I'm Still Here
24%
2013 Nebraska
24%
2020 Sound of Metal
24%
2001 Gosford Park
19%
2023 Past Lives
19%
2003 Seabiscuit
19%
2022 Women Talking
19%
No matching quizzes found
Score Distribution
Percent of People with Each Score
Percentile by Number Answered
Your Score History
You have not taken this quiz since the last reset